000 009470am a2200289 004500
003 EG-GiCUC
008 830125s1982 cc af 000 0 eng
010 _a 83109243
040 _aDLC
_c DLC
_d DLC
043 _aa-cc-pe
050 0 0 _aDS795.A4
_bL58 1982
092 0 4 _a915.11560458219
_bL7834
_221
099 _a04
_a915.11560458219 L7834
100 1 _aLiu, Junwen.
245 1 0 _aBeijing, China's ancient and modern capital /
_cLiu Junwen.
250 _a1st ed.
260 _aBeijing, China :
_bForeign Languages Press :
_bDistributed by China Publications Centre,
_c1982.
300 _aiii, 254 p., [61] p. of plates :
_bill. (some col.) ;
_c20 cm.
500 _aColophon title romanized: Pei-ching.
651 0 _aBeijing (China)
_xGuidebooks.
740 0 _aPei-ching.
902 _a1
905 _aReda
_eRev
905 _aSarah
_ecat
942 _2ddc
_cBK
999 _c107358
_d107358